000 00508nam a2200193Ia 4500
003 OSt
005 20230307114250.0
008 210210b2004 xxu||||| |||| 00| 0 eng d
040 _cAL
082 _a338.954 DATI
100 _aDATT (Ruddar) and SUNDHARAM (K P M).
_974397
245 _aIndian economy. Rev Ed 49.
260 _aNew Delhi.
_bS. Chand & Co. Ltd.
_c2004
300 _axvi,976
650 _aIndian economy
_974398
690 _aIndian Economics
_974399
906 _a058958
942 _2ddc
_cBK
999 _c106302
_d106302